[Event "XII. DBMM Schach"]
[Site "Berlin"]
[Date "2012.10.13"]
[Round "6.1"]
[White "Gall, Mike"]
[Black "Weidl, Robert"]
[Result "0-1"]
[WhiteElo "1478"]
[BlackElo "1754"]
[Annotator "br"]
[PlyCount "44"]
[EventDate "2012.??.??"]
[Source "FV Schach e.V."]
[SourceDate "2012.10.14"]
[WhiteTeam "TT/WiHeil Berlin"]
[BlackTeam "ADAC Muenchen II"]
[WhiteTeamCountry "GER"]
[BlackTeamCountry "GER"]

1. d4 Nf6 2. Bf4 d6 3. e3 g6 4. Nd2 Bg7 5. c3 O-O 6. Bd3 Nbd7 7. Ngf3 e5 8. Bg5
Qe8 9. dxe5 dxe5 10. Ne4 Nxe4 11. Bxe4 Nc5 12. Bc2 Bg4 13. h3 Bxf3 14. Qxf3 Qb5
15. Rb1 e4 16. Qe2 Nd3+ 17. Bxd3 exd3 18. Qg4 Bxc3+ 19. Kd1 c5 20. h4 c4 21. h5
Qa4+ 22. b3 Qxa2 0-1

[Event "XII. DBMM Schach"]
[Site "Berlin"]
[Date "2012.10.13"]
[Round "6.2"]
[White "Obermeier, Karlheinz"]
[Black "Lange, Andreas"]
[Result "1/2-1/2"]
[WhiteElo "1575"]
[BlackElo "1620"]
[Annotator "br"]
[PlyCount "83"]
[EventDate "2012.??.??"]
[Source "FV Schach e.V."]
[SourceDate "2012.10.14"]
[WhiteTeam "ADAC Muenchen II"]
[BlackTeam "TT/WiHeil Berlin"]
[WhiteTeamCountry "GER"]
[BlackTeamCountry "GER"]

1. e4 e6 2. Nf3 d5 3. exd5 exd5 4. d4 Bd6 5. Nc3 c6 6. Be2 Ne7 7. O-O Qc7 8.
Re1 O-O 9. g3 Bg4 10. Nh4 Bxe2 11. Nxe2 b5 12. Ng2 Nd7 13. Nef4 Nf6 14. Qf3
Rae8 15. Be3 Qd7 16. c3 a5 17. a3 a4 18. Nd3 Qh3 19. Ngf4 Qf5 20. Qd1 Ne4 21.
f3 Ng5 22. g4 Qf6 23. Kg2 Ng6 24. Nxg6 fxg6 25. Bxg5 Qxg5 26. Rxe8 Rxe8 27. f4
Bxf4 28. Nxf4 Qxf4 29. Qf3 g5 30. Rf1 Qc7 31. Rf2 h6 32. h3 Qe7 33. Qf5 Rf8 34.
Qxf8+ Qxf8 35. Rxf8+ Kxf8 36. Kf3 Ke7 37. Ke3 Kf6 38. Kf3 g6 39. Ke3 h5 40. Kf3
Ke6 41. Ke3 hxg4 42. hxg4 1/2-1/2

[Event "XII. DBMM Schach"]
[Site "Berlin"]
[Date "2012.10.13"]
[Round "6.3"]
[White "Kaczmarek, Andreas"]
[Black "Lajh, Anton"]
[Result "1/2-1/2"]
[WhiteElo "1544"]
[BlackElo "1507"]
[Annotator "br"]
[PlyCount "86"]
[EventDate "2012.??.??"]
[Source "FV Schach e.V."]
[SourceDate "2012.10.14"]
[WhiteTeam "TT/WiHeil Berlin"]
[BlackTeam "ADAC Muenchen II"]
[WhiteTeamCountry "GER"]
[BlackTeamCountry "GER"]

1. d4 d5 2. Bf4 Nc6 3. c3 Bf5 4. e3 a6 5. Nd2 h6 6. h3 e6 7. Ngf3 Nf6 8. a3 Bd6
9. Bxd6 Qxd6 10. c4 O-O 11. Rc1 dxc4 12. Bxc4 Rad8 13. O-O Ne4 14. Re1 Bg6 15.
Be2 e5 16. Nc4 Qe6 17. Ncxe5 Nxe5 18. Nxe5 c6 19. Nxg6 Qxg6 20. Bd3 Qe6 21. Bc4
Qf6 22. Qc2 Rfe8 23. Bd3 Nd6 24. Qb3 Re7 25. Rc5 g6 26. Rec1 Rdd7 27. d5 cxd5
28. Rxd5 Kg7 29. Rdc5 Kh7 30. Qc2 Kg7 31. Re1 Re5 32. b4 Qe7 33. Qc3 f6 34. Rc1
Rxc5 35. bxc5 Nf7 36. Bc2 Rc7 37. Bb3 Ne5 38. Bd5 Nd7 39. c6 bxc6 40. Qa5 Ne5
41. Qb6 Qd6 42. Be4 Nd7 43. Qxa6 Nc5 1/2-1/2

[Event "XII. DBMM Schach"]
[Site "Berlin"]
[Date "2012.10.13"]
[Round "6.4"]
[White "Zunk, Olaf"]
[Black "Schulz, Manfred"]
[Result "1/2-1/2"]
[WhiteElo "1464"]
[BlackElo "1526"]
[Annotator "br"]
[PlyCount "41"]
[EventDate "2012.??.??"]
[Source "FV Schach e.V."]
[SourceDate "2012.10.14"]
[WhiteTeam "ADAC Muenchen II"]
[BlackTeam "TT/WiHeil Berlin"]
[WhiteTeamCountry "GER"]
[BlackTeamCountry "GER"]

1. e4 c5 2. Nf3 e6 3. c3 d5 4. exd5 exd5 5. d4 cxd4 6. Nxd4 Nc6 7. Be3 Bd7 8.
Bb5 Nf6 9. Nd2 Be7 10. O-O O-O 11. Re1 a6 12. Bd3 Ne5 13. Bc2 Neg4 14. Bg5 Nxf2
15. Qe2 N2e4 16. Bxe4 dxe4 17. Bxf6 Bxf6 18. Qxe4 Bxd4+ 19. Qxd4 Bc6 20. Qxd8
Raxd8 21. Nb3 1/2-1/2

[Event "XII. DBMM Schach"]
[Site "Berlin"]
[Date "2012.10.13"]
[Round "6.1"]
[White "Wirth, Volker"]
[Black "Decker, Ingo"]
[Result "1/2-1/2"]
[WhiteElo "1762"]
[BlackElo "1741"]
[Annotator "br"]
[PlyCount "92"]
[EventDate "2012.??.??"]
[Source "FV Schach e.V."]
[SourceDate "2012.10.14"]
[WhiteTeam "Sparkassenvers. Stuttgart II"]
[BlackTeam "EADS Airbus Bremen"]
[WhiteTeamCountry "GER"]
[BlackTeamCountry "GER"]

1. d4 d5 2. c4 e6 3. Nc3 Nf6 4. Bg5 c6 5. e3 h6 6. Bh4 Bd6 7. Nf3 Nbd7 8. Bd3
Qc7 9. Rc1 dxc4 10. Bxc4 O-O 11. O-O g5 12. Bg3 e5 13. Bd3 a6 14. h3 Re8 15.
dxe5 Nxe5 16. Nxe5 Bxe5 17. Bxe5 Qxe5 18. Qb3 b5 19. Qc2 c5 20. b3 Bb7 21. Rfe1
b4 22. Nb1 Rac8 23. a4 Rc7 24. Nd2 Rd8 25. Bc4 Rcd7 26. Nf3 Be4 27. Qe2 a5 28.
Red1 Rxd1+ 29. Rxd1 Rxd1+ 30. Qxd1 Bd5 31. Bxd5 Qxd5 32. Qxd5 Nxd5 33. Nd2 Nb6
34. Kf1 Kf8 35. Ke2 Ke7 36. Kd3 Kd6 37. g3 f5 38. f4 Kd5 39. fxg5 hxg5 40. h4
gxh4 41. gxh4 Nd7 42. Nc4 Ke6 43. h5 Kf6 44. Nxa5 Ne5+ 45. Kc2 Kg5 46. h6 Kxh6
1/2-1/2

[Event "XII. DBMM Schach"]
[Site "Berlin"]
[Date "2012.10.13"]
[Round "6.2"]
[White "Jacobsen, Ruediger"]
[Black "Brethauer, Tim"]
[Result "1-0"]
[WhiteElo "1541"]
[BlackElo "1619"]
[Annotator "br"]
[PlyCount "89"]
[EventDate "2012.??.??"]
[Source "FV Schach e.V."]
[SourceDate "2012.10.14"]
[WhiteTeam "EADS Airbus Bremen"]
[BlackTeam "Sparkassenvers. Stuttgart II"]
[WhiteTeamCountry "GER"]
[BlackTeamCountry "GER"]

1. e4 e6 2. f4 d5 3. e5 c5 4. Nf3 Nc6 5. c3 Qb6 6. d3 Bd7 7. Be2 Nh6 8. Nbd2
Nf5 9. Nf1 d4 10. Qb3 Qxb3 11. axb3 Be7 12. g4 Nh4 13. Nxh4 Bxh4+ 14. Ng3 f6
15. exf6 gxf6 16. Bf3 Ke7 17. Ke2 Bxg3 18. hxg3 e5 19. Rh5 Be8 20. Rh6 Kf7 21.
Bd5+ Kg7 22. g5 fxg5 23. fxg5 a6 24. Bd2 Rd8 25. c4 Bd7 26. Rh4 Bc8 27. Rf1
Rdf8 28. Rfh1 Bf5 29. g4 Bg6 30. Bxc6 bxc6 31. Ra1 Ra8 32. Ra5 e4 33. dxe4 Bxe4
34. Rxc5 d3+ 35. Ke3 Rhe8 36. Bc3+ Kg8 37. Bf6 Bg6+ 38. Kd2 Re2+ 39. Kd1 Rxb2
40. Bxb2 Be4 41. Re5 Bf3+ 42. Kd2 Be2 43. Re7 Rb8 44. Rhxh7 Rxb3 45. Rh8# 1-0

[Event "XII. DBMM Schach"]
[Site "Berlin"]
[Date "2012.10.13"]
[Round "6.4"]
[White "Hueners, Rolf"]
[Black "Fenn Ries, Ruediger"]
[Result "1-0"]
[WhiteElo "1410"]
[BlackElo "1263"]
[Annotator "br"]
[PlyCount "53"]
[EventDate "2012.??.??"]
[Source "FV Schach e.V."]
[SourceDate "2012.10.14"]
[WhiteTeam "EADS Airbus Bremen"]
[BlackTeam "Sparkassenvers. Stuttgart II"]
[WhiteTeamCountry "GER"]
[BlackTeamCountry "GER"]

1. d4 d5 2. Nf3 g6 3. b3 Bg7 4. Bb2 Nc6 5. h3 Bf5 6. Nbd2 Nf6 7. e3 O-O 8. Be2
Ne4 9. O-O Re8 10. c3 e5 11. Nxe4 Bxe4 12. c4 b6 13. Rc1 Qd7 14. Ng5 Rad8 15.
cxd5 Qxd5 16. Nxe4 Qxe4 17. Bf3 Qf5 18. Bxc6 Re6 19. Qf3 Qxf3 20. Bxf3 exd4 21.
exd4 c5 22. Bg4 f5 23. Bf3 cxd4 24. Rfe1 Rde8 25. Bd5 Kf7 26. Bxe6+ Rxe6 27.
Rc7+ 1-0